00554nam a2200193Ia 450000500170000000800410001702000180005804000180007604100080009408200180010210000200012024500980014025000120023826000320025030000140028265000180029670000200031470000260033420230120104517.0210716s2014 xx 000 0 und d a9788174825865 cAIMIT LIBRARY aeng a153.94 bSHAC aShah, Chandresh aUGC NET JRF SET : bcomputer science and applications /cBy Chandresh, Shah and Saurab Mishra a1st ed. aAgrabUpkar Prakashanc2014 axi,20,979 aAptitude Test aMishra, Saurab. aOjha, Kumar Sunil.,ed